Quiz sur l'Australie - Statistiques

Statistiques générales
  • Ce quiz a été pris 27 fois
  • Le résultat moyen est 15 sur 100
Statistiques - réponses
Description Réponse % Correct
Capitale de l’Australie Canberra
100%
Langue dominante Anglais
96%
Plus grande ville (population) Sydney
96%
Île connue pour ses diables | Île-État au sud du continent Tasmanie
83%
Symbole animal sur les armoiries Kangourou
78%
Océan à l'Ouest Océan Indien
78%
Océan à l’est Océan Pacifique
78%
Monnaie Dollar australien
74%
Marsupial emblématique qui dort dans les eucalyptus Koala
57%
État où se trouve Sydney Nouvelle-Galles du Sud
48%
Capitale du Queensland Brisbane
35%
Capitale du Territoire du Nord | Ville surnommée « capitale tropicale » Darwin
35%
État où se trouve Melbourne Victoria
35%
Capitale de l’Australie-Méridionale Adélaïde
30%
État où se trouve Perth Australie-Occidentale
30%
Nom du chien sauvage australien Dingo
30%
Capitale du Victoria | Ville surnommée « capitale culturelle » Melbourne
30%
État où se trouve Brisbane Queensland
30%
Oiseau coureur incapable de voler Émeu
26%
Premier peuple d’Australie Aborigènes
22%
État où se trouve Adélaïde Australie-Méridionale
22%
Célèbre récif inscrit dans l'UNESCO | Premier site de l'UNESCO inscrit en Australie Grande Barrière de corail
22%
Capitale de la Tasmanie Hobart
22%
Date de la fête nationale (Australia Day) 26 janvier
17%
Surnom de l’équipe nationale de rugby Wallabies
17%
Surnom de l’Australie Down Under
13%
Mer entre Australie et Nouvelle-Zélande Mer de Tasman
13%
Plus long fleuve Murray
13%
Mammifère pondeur au bec de canard Ornithorynque
13%
Nom des régions intérieures arides Outback
13%
Plage iconique de Sydney Bondi Beach
9%
Drapeau : constellation représentée Croix du Sud
9%
Ville portuaire au nord du Queensland Cairns
4%
Détroit séparant la Tasmanie du continent | Explorateur George Bass a exploré le... Détroit de Bass
4%
Autre mammifère pondeur à piquants Échidné
4%
Premier Européen à explorer la côte Est James Cook
4%
Nom du rocher rouge sacré Uluru (Ayers Rock)
4%
Année de la fédération | Constitution en vigueur depuis... 1901
0%
Hymne national Advance Australia Fair
0%
Montagnes de Victoria Alpes victoriennes
0%
Premier gouverneur de la colonie de Nouvelle-Galles du Sud Arthur Phillip
0%
Université nationale à Canberra Australian National University
0%
Surnom de l’équipe nationale de cricket Baggy Greens
0%
Poète auteur de Waltzing Matilda Banjo Paterson
0%
Région viticole proche d’Adélaïde Barossa Valley
0%
Expédition tragique 1860-1861 Burke et Wills
0%
Ville souterraine des mineurs d’opale Coober Pedy
0%
Plus vieil arbre vivant documenté Cyprès de Huon
0%
Région tropicale humide au nord du Queensland Daintree Rainforest
0%
Rivière principale qui rejoint le Murray Darling
0%
Premier Premier ministre Edmund Barton
0%
Peuple aborigène de Sydney Eora
0%
Groupe de musique (6 chanteuses australiennes) G-Nation
0%
Golfe au nord du Queensland Golfe de Carpentarie
0%
Plus grand désert Grand Désert de Victoria
0%
Chaîne de montagnes de l’Est Grande chaîne divisoriaire
0%
Baie immense au sud Great Australian Bight
0%
Premier ministre disparu en mer en 1967 Harold Holt
0%
Îles au nord du Queensland Îles du détroit de Torres
0%
Première femme au poste de Premier ministre Julia Gillard
0%
Site inscrit dans l'UNESCO au NT avec art rupestre Kakadu National Park
0%
Ville minière célèbre en Australie-Occidentale Kalgoorlie-Boulder
0%
Nom aborigène du mont Olga Kata Tjuta
0%
Nom aborigène du lac Eyre Kati Thanda
0%
Oiseau qui « rit » Kookaburra
0%
Plus grand lac salé (épisodique) Lac Eyre / Kati Thanda
0%
Grand lac en Tasmanie Lac Saint Clair
0%
Explorateur allemand disparu dans l’intérieur Ludwig Leichhardt
0%
Navigateur britannique cartographe (1774-1814) Matthew Flinders
0%
Stade mythique de Melbourne Melbourne Cricket Ground
0%
Cité inscrite dans l'UNESCO pour son architecture (coloniale) Melbourne’s Royal Exhibition Building
0%
Mer au nord du Territoire du Nord Mer d’Arafura
0%
Plus haute montagne Mont Kosciuszko
0%
Plus haut sommet de Tasmanie Mont Ossa
0%
Grande galerie d’art nationale National Gallery of Australia
0%
Musée national à Canberra National Museum of Australia
0%
Premier Aborigène au Parlement (Sénat) Neville Bonner
0%
Grand plateau désertique aride au sud Nullarbor Plain
0%
Ancien nom de Darwin Palmerston
0%
Parc national du Territoire du Nord abritant Uluru Parc national d’Uluru-Kata Tjuta
0%
Plus ancienne peinture rupestre datée Peinture au Kimberley
0%
Grand port naturel où débarqua la Première Flotte Port Jackson (Sydney Harbour)
0%
Rébellion militaire de 1808 Rébellion du rhum
0%
Île au large de Perth avec les quokkas Rottnest Island
0%
Peintre australien célèbre pour Ned Kelly Sidney Nolan
0%
Surnom de l’équipe nationale de football Socceroos
0%
Région d’Arnhem Land Terre d’Arnhem
0%
Train mythique reliant Adélaïde à Darwin The Ghan
0%
Marsupial disparu de Tasmanie au XXe siècle Thylacine (tigre de Tasmanie)
0%
Université la plus ancienne University of Sydney (1850)
0%
Poème national officieux Waltzing Matilda
0%
Archipel touristique au large du Queensland Whitsunday Islands
0%
Premier contact européen (1606) Willem Janszoon
0%
Peuple aborigène d’Arnhem Land Yolngu
0%
Aucun quiz correspondant
Distribution des résultats
% des personnes avec chaque résultat
Percentile par nombre de réponses
Votre historique - résultats
Vous n’avez pas pris ce quiz